000 00575nam a2200205Ia 4500
005 20250508162658.0
008 008 250505s9999 xx 000 0 eng d
020 _a81-7100-069-X
037 _aTextual
040 _aFEDL
_beng
_cFEDL
041 _aeng
_2eng
084 _a370.15, DAS
_qFEDL
100 _aDash Muralidhar
_9773692
245 0 _aEducational psychology
260 _aNew Delhi, India
_bDeep and Deep Publications
_c1988
300 _a456p
650 _aEducation - Psychology
942 _cTEXL
_h370.15, DAS
999 _c1378013
_d1378013